000 00693nam a2200241Ia 4500
003 OSt
005 20220925184857.0
006 a|||||r|||| 00| 0
007 ta
008 220923b |||||||| |||| 00| 0 eng d
037 _cGeneral Book
040 _aRTL
_cRTL
_beng
041 _2eng
_aeng
082 _aXM5:75-77, N4
100 _aMacLennan Nigel
_9231871
245 0 _aOpportunity spotting
_b Creativity for corporate growth
260 _aAldershot
_bGower USA
_c1994
300 _aix,150p
_ccm.
500 _aBibliography: p 139-140
650 _aJoint Stock Company
942 _hXM5:75-77, N4
_cGB
_2CC
999 _c509112
_d509112